The texts on the coffin of Ppy-im3 from Naga ed-Dêr : translation and annotation /

محفوظ في:

المؤلف الرئيسي: Hussein, Ramadan B. (مؤلف)

مؤلفون آخرون: Beck, Susanne (Egyptologist) (المحرر)

التنسيق: كتاب

اللغة: English
Ancient Egyptian

منشور في: Wiesbaden : Harrassowitz Verlag, 2024.

سلاسل: Studien zu Altägyptischen Totentexten ; 23.
SAT ; 23.

الموضوعات:

الوسوم: إضافة وسم

لا توجد وسوم, كن أول من يضع وسما على هذه التسجيلة!

رقم الطلب: PJ1555.1 .S8 v.23

LEADER 01816nam a22004097a 4500
003 OSt
005 20250814085646.0
008 250803s2024 gw af b 001 0 eng d
016 7 |a 1312937092  |2 DE-101 
020 |a 9783447121460  |q hardcover 
020 |a 3447121467  |q hardcover 
035 |a (OCoLC)1422311764  |z (OCoLC)1436456178 
040 |c ARCE Library 
041 1 |a eng  |a egy  |h egy 
043 |a f-ua--- 
050 4 |a PJ1555.1 .S8 v.23 
100 1 |a Hussein, Ramadan B.,  |e author  |1 https://id.oclc.org/worldcat/entity/E39PBJtCCtw9fqBByXvMdTVpyd. 
245 1 4 |a The texts on the coffin of Ppy-im3 from Naga ed-Dêr :   |b translation and annotation /  |c Ramadan B. Hussein ; edited by Susanne Beck. 
264 1 |a Wiesbaden :  |b Harrassowitz Verlag,  |c 2024. 
300 |a x, 145 pages, plates :  |b illustrations (some color) ;  |c 31 cm. 
490 1 |a Studien zu Altägyptischen Totentexten,  |x 2510-4012 ;  |v 23. 
490 1 |a SAT ;   |v 23. 
500 |a Originally presented as the author's thesis (doctoral)--Brown University Providence, 2004. 
500 |a Non-Latin script record. 
504 |a Includes bibliographical references (pages [75]-80) and index. 
505 0 |a Introduction -- The front side of Ppy-im3's coffin -- The back side of Ppy-im3's coffin -- The inscriptions of the margins -- Conclusions. 
546 |a In English, with some texts in Egyptian. 
630 0 0 |a Coffin texts. 
650 0 |a Inscriptions, Egyptian  |z Egypt  |z Naga ed-Deir. 
650 0 |a Coffins  |z Egypt  |z Naga ed-Deir (Egypt) 
651 0 |a Naga ed-Deir Site (Egypt) 
700 1 |a Beck, Susanne  |c (Egyptologist),  |e editor  |1 https://id.oclc.org/worldcat/entity/E39PCjJbvY7PwHrHHFXkC8hTBK. 
830 0 |a Studien zu Altägyptischen Totentexten ;   |v 23. 
830 0 |a SAT ;   |v 23. 
901 |a reviewed 
942 |2 lcc  |c BK 
999 |c 61022  |d 61022